000
00341nam a2200145Ia 4500
008
221030s9999 xx 000 0 und d
041
_a
English
082
_a
105.23
100
_a
J. Das
245
0
_a
Principles of digital Communicaiton
_c
by J. Das, S. K. Mullick
260
_c
0
650
_a
B
700
_a
S. K. Mullick
942
_c
BK
999
_c
13816
_d
13816